| 000 | 01061 a2200301 4500 | ||
|---|---|---|---|
| 001 | 200001356 | ||
| 999 |
_c200001356 _d24994 |
||
| 003 | TR-AnTOB | ||
| 005 | 20230821122438.0 | ||
| 008 | 100730s2008 tu 000 0 | ||
| 020 | _a9789751620934 | ||
| 040 | _aTR-AnTOB | ||
| 041 | _atur | ||
| 050 | 1 | 4 |
_aLC625.T92 _bM4745 2008 |
| 090 | _aLC625.T92 M4745 2008 | ||
| 100 | 1 |
_aAlan, Gülbadi _969727 |
|
| 245 | 1 | 0 |
_aAmerikan Board'ın Merzifon'daki faaliyetleri ve Anadolu Koleji / _cGülbadi Alan. |
| 264 | 1 |
_aAnkara : _bTürk Tarih Kurumu, _c2008. |
|
| 300 |
_aXX, 650 s. : _bres., plan ; _c24 cm |
||
| 490 | 0 |
_aAKDTYK Türk Tarih Kurumu _vXVI.Dizi-Sa.112 |
|
| 650 | 2 | 0 |
_aSchools, American _zTurkey _zMerzifon _xHistory _969728 |
| 650 | 0 |
_aMissionaries _xPolitical activity _zTurkey _zMerzifon _xHistory _969729 |
|
| 650 | 0 |
_aEducation _zTurkey _zMerzifon _xHistory _969730 |
|
| 650 | 0 |
_aMisyonerler _xSiyasi faaliyet _zTürkiye _zMerzifon _969731 |
|
| 651 |
_aMerzifon (Turkey) _xHistory _y20th century _969733 |
||
| 651 |
_aMerzifon (Turkey) _xHistory _y19th century _969732 |
||
| 942 | _cBK | ||